000 00789nam a2200217Ii 4500
003 JO-AjNU
008 230605s9999||||xx |||||||||||||| ||und||
020 _a978-6589-09-883-6
040 _aJO-AjNU
_bara
_erda
_cJO-AjNU
041 _aara
050 1 4 _aPG3465.A33.T812.2020
100 3 _aغوركي، مكسيم؛ ترجمة مجموعة من المترجمين؛ مراجعة وتدقيق محمد استيتية,
_eauthor
_961696
245 0 0 _aطفولتي
250 _aالطبعة العربية الاولى
264 3 1 _aعمان: الاهلية للنشر والتوزيع، 2020
300 _a379ص
336 _atext
_btxt
_2rdacontent
337 _aunmediated
_bn
_2rdamedia
338 _avolume
_bnc
_2rdacarrier
650 4 _aالادباء الروس-تراجم
_961697
999 _aA27901
_c31469
_d31469